000 00650nam a22002177a 4500
003 UA-OsUOA
001 63272
007 ta
008 20090922b un ||||| |||| 00| 0 ukr d
100 _aГрабовський С.
090 _a94(477)
_bГ75
942 _cSA
040 _aUA-OsUOA
_bukr
_cUA-OsUOA
_dUA-OsUOA
245 _aІдейні брати чи вороги? Вересень 1939 року: соціалізм Сталіна та соціалізм Гітлера
300 _aС.7
955 _a0
041 _aukr
080 _a94(477)
773 0 _w63271
650 7 _a9 Географія. Біографії. Історія
_2UDC
999 _c349360
_d349360